| 000 | 00812nam a2200265Ia 4500 | ||
|---|---|---|---|
| 003 | OSt | ||
| 005 | 20221005033203.0 | ||
| 006 | a|||||r|||| 00| 0 | ||
| 007 | ta | ||
| 008 | 221004b |||||||| |||| 00| 0 eng d | ||
| 020 |
_a817273316X (hbk) _c675 |
||
| 024 | _a88918 | ||
| 037 |
_b2498, 29/03/2007, K K Publications _cTextual |
||
| 040 |
_aCRL _cCRL _beng |
||
| 041 |
_2eng _aeng |
||
| 082 | _aZ2,9298:(W:58), P6 | ||
| 100 | _aSharma Sarbjit | ||
| 245 | 0 |
_aRight to information _b implementing information regime |
|
| 260 |
_aDelhi _bAuthors Press India _c2006 |
||
| 300 |
_avi, 320p. _ccm. |
||
| 650 | _aLAW | ||
| 700 | _a Krishan Gopal | ||
| 942 |
_hZ2,9298:(W:58), P6 _cTEXL _2cc |
||
| 999 |
_c941140 _d941140 |
||